000 00893nam a2200229 a 4500
001 84775
003 BD-RjUL
005 20250313104043.0
008 250313s2024 bg ||||| |||| 00| 0 ben d
020 _a9789849303046 :
_cTk.2000.00
035 _a(BD-RjUL)84775
040 _aBD-RjUL
_beng
_cBD-RjUL
041 _aben
082 _223
_a891.441
_bHOA 2024
100 _aহোসেন, মোহাম্মদ আখতার
_99183
245 _aআমার পরান বন্ধুর লাগিয়া রে :
_b(আধ্যাত্মিক কবিতা) /
_cমোহাম্মদ আখতার হোসেন
260 _aঢাকা :
_bপ্রত্যাশা প্রকাশনী,
_c২০২৪
300 _a১৫৫১ পৃ.;
_c২২ সেমি.
650 _aবাংলা কবিতা
650 _aBengali poetry
942 _2ddc
_cBK
999 _c84775
_d84775